| 000 | 01084cam a2200241 i 4500 | ||
|---|---|---|---|
| 001 | 110019 | ||
| 005 | 20230410103914.0 | ||
| 008 | 130516b1994 nyua 000 0 eng | ||
| 020 | _a1860641350 | ||
| 041 | 0 | _aeng | |
| 049 | _aGRAL | ||
| 050 | 1 | 4 |
_a432 DS 98 _bC761 1994 |
| 082 | 0 | 0 | _a956.9104/2 |
| 245 | 0 | 0 |
_aContemporary Syria : _bliberalization between cold war and cold peace / _cedited by Eberhard Kienle ; preface by Patrick Seale. |
| 260 |
_aLondon : _bBritish Academic Press in association with the Centre of Near and Middle Eastern Studies, School of Oriental and African Studies, University of London ; _aNew York : _bDistributed by St. Martin’s Press, _c1994. |
||
| 300 |
_axiii, 187 p. ; _c23 cm. |
||
| 500 | _a"This collection ... has grown out of a Conference on Economic and Political Change in Syria, held in May 1993 at the School of Oriental and African Studies (SOAS) in London"--Acknowledgements. | ||
| 651 | 0 |
_aSyria _xHistory _y20th century _xCongresses. |
|
| 651 | 4 |
_aSiria _xHistoria. |
|
| 700 | 1 | _aKienle, Eberhard. | |
| 942 |
_2lcc _cbk |
||
| 946 | _aYSL | ||
| 999 |
_c28163 _d28163 |
||